Normal view MARC view
  • Quaid-i-Azam Papers Wing, Islamabad.

Entry Corporate Name

Number of records used in: 9

001 - CONTROL NUMBER

  • control field: 7102

003 - CONTROL NUMBER IDENTIFIER

  • control field: NUST

005 - DATE AND TIME OF LATEST TRANSACTION

  • control field: 20171208150814.0

008 - FIXED-LENGTH DATA ELEMENTS

  • fixed length control field: 171208|| aca||aabn | a|a d

040 ## - CATALOGING SOURCE

  • Original cataloging agency: NUST
  • Transcribing agency: NUST

110 ## - HEADING--CORPORATE NAME

  • Corporate name or jurisdiction name as entry element: Quaid-i-Azam Papers Wing, Islamabad.

670 ## - SOURCE DATA FOUND

  • Source citation: Work cat.: (NUST)0: Quaid-i-Azam Mohammad Ali Jinnah Papers:, 1994.
© 2023 Central Library, National University of Sciences and Technology. All Rights Reserved.